[Event "BCF-chT3N 1819 (4NCL)"]
[Site "England"]
[Date "2019.05.06"]
[Round "11.36"]
[White "Edwards, Roger J"]
[Black "Potter, Steven"]
[Result "0-1"]
[WhiteElo "1641"]
[BlackElo "1877"]
[PlyCount "124"]
[EventDate "2018.11.10"]
[EventType "team-swiss"]
[EventRounds "11"]
[EventCountry "ENG"]
[SourceTitle "EXT 2021"]
[Source "ChessBase"]
[SourceDate "2020.10.23"]
[SourceVersion "1"]
[SourceVersionDate "2020.10.23"]
[SourceQuality "1"]
[WhiteTeam "Cheddleton II"]
[BlackTeam "Manchester Manticores III"]
[WhiteTeamCountry "ENG"]
[BlackTeamCountry "ENG"]

1. e4 e6 2. d4 b6 3. Bd3 Bb7 4. Ne2 c5 5. c3 Nc6 6. d5 Ne5 7. c4 g6 8. 0-0 Bg7 9. Nbc3 a6 10. f4 Nxd3 11. Qxd3 Ne7 12. e5 0-0 13. Ng3 d6 14. dxe6 dxe5 15. exf7+ Rxf7 16. Qxd8+ Rxd8 17. Nge4 exf4 18. Bxf4 Bd4+ 19. Kh1 Rdf8 20. Nd6 Rxf4 21. Rxf4 Bxg2+ 22. Kxg2 Rxf4 23. Nde4 Bxc3 24. Nxc3 Rxc4 25. Re1 Kf7 26. Re2 Rd4 27. Ne4 h6 28. Nd2 Nd5 29. Kg3 Rd3+ 30. Nf3 Ne7 31. Kf4 Nc6 32. Ne5+ Nxe5 33. Kxe5 c4 34. Rc2 b5 35. Rf2+ Ke7 36. Rg2 Rd6 37. Ke4 Rf6 38. Kd4 Kd6 39. Rd2 g5 40. a3 Rf5 41. Ke3+ Ke5 42. Rd8 Rf6 43. Rc8 Rd6 44. Re8+ Re6 45. Rd8 Kf5+ 46. Kf3 g4+ 47. Kf2 Ke4 48. Rd2 h5 49. Kg3 Re5 50. Kh4 Ke3 51. Rg2 a5 52. Rg3+ Kd4 53. Rg2 b4 54. axb4 axb4 55. Rd2+ Ke3 56. Rc2 Kd3 57. Rg2 c3 58. bxc3 bxc3 59. Rg3+ Kd2 60. Rg2+ Re2 61. Rxe2+ Kxe2 62. Kxh5 Kf3 0-1

[Event "BCF-chT3N 1819 (4NCL)"]
[Site "England"]
[Date "2019.03.17"]
[Round "8.36"]
[White "Clissold, Julian C"]
[Black "Edwards, Roger J"]
[Result "1-0"]
[WhiteElo "1697"]
[BlackElo "1641"]
[PlyCount "73"]
[EventDate "2018.11.10"]
[EventType "team-swiss"]
[EventRounds "11"]
[EventCountry "ENG"]
[SourceTitle "EXT 2021"]
[Source "ChessBase"]
[SourceDate "2020.10.23"]
[SourceVersion "1"]
[SourceVersionDate "2020.10.23"]
[SourceQuality "1"]
[WhiteTeam "Bolton & Worsley"]
[BlackTeam "Cheddleton II"]
[WhiteTeamCountry "ENG"]
[BlackTeamCountry "ENG"]

1. d4 e6 2. Nf3 f5 3. g3 Nf6 4. Bg2 Be7 5. c4 d6 6. Nc3 c6 7. 0-0 0-0 8. Qc2 Qe8 9. e4 fxe4 10. Nxe4 Nxe4 11. Qxe4 d5 12. Qd3 Qh5 13. Ne5 b6 14. f4 Qf5 15. Qxf5 Rxf5 16. Re1 Bd6 17. g4 Rf8 18. cxd5 cxd5 19. f5 Nd7 20. Nc4 Bb4 21. Bd2 Bxd2 22. Nxd2 Bb7 23. Rxe6 Nf6 24. h3 Rad8 25. Rae1 Rfe8 26. Kf2 Kf7 27. Kg3 Rxe6 28. Rxe6 Re8 29. Rxe8 Kxe8 30. Kf4 Ke7 31. Bf3 h6 32. h4 Ne8 33. Ke5 Nc7 34. Nb1 Ne8 35. g5 hxg5 36. hxg5 Nd6 37. f6+ 1-0

[Event "BCF-chT3Nd 1516 (4NCL)"]
[Site "England"]
[Date "2016.05.01"]
[Round "10.119"]
[White "Edwards, Roger J"]
[Black "Higgie, Charles L"]
[Result "1/2-1/2"]
[WhiteElo "1757"]
[BlackElo "1869"]
[PlyCount "83"]
[EventDate "2016.03.20"]
[EventType "team-swiss"]
[EventRounds "11"]
[EventCountry "ENG"]
[SourceTitle "EXT 2017"]
[Source "ChessBase"]
[SourceDate "2016.10.25"]
[SourceVersion "1"]
[SourceVersionDate "2016.10.25"]
[SourceQuality "1"]
[WhiteTeam "Cheddleton III"]
[BlackTeam "Holmes Chapel"]
[WhiteTeamCountry "ENG"]
[BlackTeamCountry "ENG"]

1. e4 c5 2. Nc3 Nc6 3. Bb5 e6 4. f4 Nge7 5. Nf3 a6 6. Bxc6 Nxc6 7. 0-0 d6 8. d3 g6 9. Ne2 Bg7 10. c3 f5 11. Ng3 0-0 12. exf5 exf5 13. Re1 Qb6 14. Ng5 Bf6 15. Nf3 Bd7 16. Rb1 Rae8 17. Bd2 Rxe1+ 18. Bxe1 Be6 19. b3 Kg7 20. Ne2 Bd5 21. Bf2 Re8 22. Ne1 Re7 23. Nc2 Qd8 24. c4 Bf7 25. d4 Qe8 26. Kf1 g5 27. Qd3 b6 28. d5 Nd8 29. Re1 Bg6 30. Qg3 g4 31. h3 h5 32. h4 b5 33. Qd3 bxc4 34. bxc4 Qa4 35. Nc3 Qa5 36. Rxe7+ Bxe7 37. Be1 Bf6 38. g3 Nf7 39. a3 Nh6 40. Qd2 Be8 41. Qe3 Qd8 42. Qd2 1/2-1/2

[Event "BCF-chT3Nb 1516 (4NCL)"]
[Site "England"]
[Date "2016.03.19"]
[Round "7.105"]
[White "Berry, Neil"]
[Black "Edwards, Roger J"]
[Result "1-0"]
[WhiteElo "2358"]
[BlackElo "1780"]
[PlyCount "61"]
[EventDate "2015.11.14"]
[EventType "team-swiss"]
[EventRounds "7"]
[EventCountry "ENG"]
[SourceTitle "EXT 2017"]
[Source "ChessBase"]
[SourceDate "2016.10.25"]
[SourceVersion "1"]
[SourceVersionDate "2016.10.25"]
[SourceQuality "1"]
[WhiteTeam "Alba"]
[BlackTeam "Cheddleton III"]
[WhiteTeamCountry "ENG"]
[BlackTeamCountry "ENG"]

1. d4 d5 2. c4 c6 3. Nf3 Nf6 4. Nc3 Bf5 5. cxd5 Nxd5 6. e3 e6 7. Bc4 Be7 8. 0-0 0-0 9. Qe2 Nxc3 10. bxc3 b5 11. Bb3 Be4 12. Nd2 Bg6 13. e4 a6 14. f4 h6 15. f5 exf5 16. exf5 Bh7 17. Ne4 Nd7 18. Qg4 Kh8 19. Bf4 Nf6 20. Nxf6 Bxf6 21. Rad1 Qd7 22. Be5 Bxe5 23. dxe5 Qa7+ 24. Kh1 Qe3 25. Rde1 Qxc3 26. f6 gxf6 27. Qf4 f5 28. Re3 Qc5 29. Qxh6 Qe7 30. Rxf5 f6 31. exf6 1-0

[Event "BCF-ch Atkins op"]
[Site "Coventry"]
[Date "2015.08.02"]
[Round "5"]
[White "Sit, Victoria"]
[Black "Edwards, Roger J"]
[Result "1-0"]
[WhiteElo "1617"]
[BlackElo "1780"]
[PlyCount "99"]
[EventDate "2015.07.31"]
[EventType "swiss"]
[EventRounds "5"]
[EventCountry "ENG"]
[SourceTitle "CBM 167 Extra"]
[Source "ChessBase"]
[SourceDate "2015.09.14"]
[SourceVersion "1"]
[SourceVersionDate "2015.09.14"]
[SourceQuality "1"]

1. d4 d5 2. c4 c6 3. Nf3 Nf6 4. e3 Bf5 5. Nc3 e6 6. Be2 Bd6 7. 0-0 Nbd7 8. Re1 0-0 9. cxd5 exd5 10. Nh4 Be6 11. Qc2 Rc8 12. Nf5 Bxf5 13. Qxf5 g6 14. Qf3 Nh5 15. e4 dxe4 16. Nxe4 Bb8 17. Bh6 Re8 18. Bc4 Ndf6 19. Ng5 Rxe1+ 20. Rxe1 Rc7 21. Nxf7 Rxf7 22. Bxf7+ Kxf7 23. Qb3+ Nd5 24. Qxb7+ Qc7 25. Qxc7+ Bxc7 26. Rc1 Ne7 27. d5 Nf4 28. Bxf4 Bxf4 29. Rc4 Nxd5 30. Rxc6 Be5 31. Ra6 Bxb2 32. Rxa7+ Kg8 33. a4 Nc3 34. a5 Ne4 35. Ra8+ Kg7 36. f3 Nd6 37. Kf1 Bc3 38. a6 Kh6 39. Rd8 Nb5 40. Rb8 Na7 41. Rb7 Bd4 42. h4 Nc6 43. g4 g5 44. hxg5+ Kxg5 45. Rxh7 Kf4 46. Kg2 Ne5 47. Rh5 Nc6 48. Rf5+ Ke3 49. Rf7 Na7 50. g5 1-0

[Event "BCF-ch Week2 AM op"]
[Site "Aberystwyth"]
[Date "2014.07.28"]
[Round "1"]
[White "Botham, Christopher Paul"]
[Black "Edwards, Roger J"]
[Result "1/2-1/2"]
[WhiteElo "2026"]
[BlackElo "1818"]
[PlyCount "55"]
[EventDate "2014.07.28"]
[EventType "swiss"]
[EventRounds "5"]
[EventCountry "WLS"]
[SourceTitle "EXT 2017"]
[Source "ChessBase"]
[SourceDate "2016.10.25"]
[SourceVersion "1"]
[SourceVersionDate "2016.10.25"]
[SourceQuality "1"]

1. d4 d5 2. Nf3 c6 3. Bf4 Nf6 4. Nbd2 Bf5 5. h3 e6 6. e3 Be7 7. Bd3 Bxd3 8. cxd3 0-0 9. 0-0 Nbd7 10. Nb3 Rc8 11. Rc1 c5 12. dxc5 Nxc5 13. Nxc5 Rxc5 14. Rxc5 Bxc5 15. Qb3 b6 16. d4 Be7 17. Rc1 Nh5 18. Bh2 Bd6 19. Bxd6 Qxd6 20. Qa4 Ra8 21. Qc6 Qxc6 22. Rxc6 Nf6 23. Ne5 Ne8 24. f3 g6 25. Kf2 Kf8 26. Ke2 Ke7 27. b3 f6 28. Nd3 1/2-1/2

[Event "BCF-ch Week1 AM op"]
[Site "Aberystwyth"]
[Date "2014.07.25"]
[Round "5"]
[White "Smith, Mark J"]
[Black "Edwards, Roger J"]
[Result "0-1"]
[WhiteElo "1362"]
[BlackElo "1818"]
[PlyCount "108"]
[EventDate "2014.07.21"]
[EventType "swiss"]
[EventRounds "5"]
[EventCountry "WLS"]
[SourceTitle "EXT 2017"]
[Source "ChessBase"]
[SourceDate "2016.10.25"]
[SourceVersion "1"]
[SourceVersionDate "2016.10.25"]
[SourceQuality "1"]

1. e4 e5 2. f4 exf4 3. Nf3 d6 4. d4 Nf6 5. Nc3 Be7 6. Bxf4 0-0 7. Be2 c6 8. 0-0 d5 9. e5 Ne8 10. Qe1 f6 11. Qg3 fxe5 12. Bxe5 Nd7 13. Bd3 Nxe5 14. Qxe5 Nf6 15. Ng5 Bd6 16. Qe2 Bg4 17. Qe1 Qc7 18. Qh4 h5 19. h3 Bg3 20. Ne6 Bxe6 21. Qg5 Rae8 22. Ne2 Bd6 23. Rae1 Ne4 24. Qxh5 Bf7 25. Qh4 Bh2+ 26. Kh1 Bg3 27. Nxg3 Qxg3 28. Qg4 Qxg4 29. hxg4 Ng3+ 30. Kg1 Nxf1 31. Rxf1 Re7 32. g3 Rfe8 33. g5 Re1 34. g6 Rxf1+ 35. Kxf1 Be6 36. Kg2 Bg4 37. a4 Re3 38. b4 Rxd3 39. cxd3 Be2 40. a5 Bxd3 41. Kf3 Bxg6 42. Kf4 Kf7 43. Ke5 Ke7 44. g4 Be4 45. g5 g6 46. Kf4 Kd7 47. Ke5 Kc7 48. Ke6 b6 49. a6 Bd3 50. Kf6 Bxa6 51. Kxg6 Bd3+ 52. Kf6 a5 53. g6 Bxg6 54. Kxg6 a4 0-1

[Event "BCF-chT4 0304 (4NCL)"]
[Site "West Bromwich "]
[Date "2004.06.20"]
[Round "11.4"]
[White "Edwards, Roger J"]
[Black "Fraser, Joe"]
[Result "0-1"]
[WhiteElo "1752"]
[BlackElo "1576"]
[PlyCount "126"]
[EventDate "2003.10.??"]
[EventType "team"]
[EventRounds "11"]
[EventCountry "ENG"]
[SourceTitle "EXT 2005"]
[Source "ChessBase"]
[SourceDate "2004.11.15"]
[SourceVersion "1"]
[SourceVersionDate "2004.11.15"]
[SourceQuality "1"]
[WhiteTeam "Cheddleton"]
[BlackTeam "Sussex Mindsports"]
[WhiteTeamCountry "ENG"]
[BlackTeamCountry "ENG"]

1. e4 c5 2. Nf3 Nc6 3. d4 cxd4 4. Nxd4 Nf6 5. Nc3 e5 6. Nxc6 bxc6 7. Bc4 Bb4 8. 0-0 0-0 9. Bg5 d6 10. Qf3 Be6 11. Bb3 h6 12. Bh4 g5 13. Bg3 Bg4 14. Qe3 Nh5 15. h3 Bd7 16. Bh2 Nf4 17. Bxf4 gxf4 18. Qf3 Kh7 19. Kh2 f5 20. Rg1 d5 21. exd5 Bd6 22. Rae1 e4 23. Nxe4 fxe4 24. Qxe4+ Bf5 25. Qf3 c5 26. Bc4 Qd7 27. Bd3 Bxd3 28. Qxd3+ Qf5 29. Qf3 Rae8 30. c3 Re5 31. Rd1 Rfe8 32. b3 Re2 33. a4 Qc2 34. Rgf1 Qe4 35. Qxe4+ R8xe4 36. Rd3 Rb2 37. c4 Kg6 38. Kg1 Rd4 39. Rf3 Kf5 40. Re1 Re4 41. Rd1 Ree2 42. Kf1 Ke4 43. Kg1 Rbd2 44. Rc1 Rd3 45. Kf1 Red2 46. Re1+ Kd4 47. Rxd3+ Kxd3 48. f3 Kc3 49. Re6 Bf8 50. Rf6 Bg7 51. Rxf4 Kxb3 52. Rg4 Be5 53. Rg6 Kxc4 54. Ke1 Bc3 55. Kf1 Kxd5 56. Rxh6 Be5 57. Rg6 c4 58. Ke1 Rd4 59. Rg8 c3 60. Rc8 Rc4 61. Rd8+ Bd6 62. Kd1 c2+ 63. Kc1 Ke6 0-1

[Event "BCF-chT4 0304 (4NCL)"]
[Site "West Bromwich "]
[Date "2004.01.24"]
[Round "3.6"]
[White "Tanner, Gary"]
[Black "Edwards, Roger J"]
[Result "0-1"]
[WhiteElo "1640"]
[BlackElo "1752"]
[PlyCount "88"]
[EventDate "2003.10.??"]
[EventType "team"]
[EventRounds "11"]
[EventCountry "ENG"]
[SourceTitle "EXT 2005"]
[Source "ChessBase"]
[SourceDate "2004.11.15"]
[SourceVersion "1"]
[SourceVersionDate "2004.11.15"]
[SourceQuality "1"]
[WhiteTeam "Brown Jack"]
[BlackTeam "Cheddleton"]
[WhiteTeamCountry "ENG"]
[BlackTeamCountry "ENG"]

1. e4 e5 2. Nf3 Nc6 3. Bb5 a6 4. Ba4 Nf6 5. 0-0 b5 6. Bb3 Be7 7. Re1 0-0 8. c3 d6 9. h3 Na5 10. Bc2 c5 11. d4 cxd4 12. cxd4 Qc7 13. Nbd2 Bb7 14. d5 Rac8 15. Bb1 Ba8 16. Nf1 Qd7 17. Ng3 Rc7 18. Qd2 Nc4 19. Qe2 Rfc8 20. Nf5 Na3 21. bxa3 Rxc1 22. Bd3 Rxa1 23. Rxa1 Bf8 24. Qd2 Qc7 25. Rb1 Bxd5 26. exd5 e4 27. Bxe4 Nxe4 28. Qd3 Qc2 29. Qxc2 Rxc2 30. Re1 Nf6 31. Ne3 Rxa2 32. Rc1 h6 33. Nd4 Rxa3 34. Rc8 g6 35. Nc6 Kg7 36. Rc7 Rc3 37. Ra7 Nxd5 38. Rxa6 Nxe3 39. fxe3 Rxe3 40. Nd4 Re5 41. Rb6 Re4 42. Nxb5 d5 43. Rb7 Rb4 44. Nd6 Bxd6 0-1

[Event "BCF-chT4 0304 (4NCL)"]
[Site "West Bromwich "]
[Date "2003.11.23"]
[Round "2.6"]
[White "Edwards, Roger J"]
[Black "Jones, Richard M"]
[Result "1/2-1/2"]
[WhiteElo "1752"]
[BlackElo "2063"]
[PlyCount "75"]
[EventDate "2003.10.??"]
[EventType "team"]
[EventRounds "11"]
[EventCountry "ENG"]
[SourceTitle "EXT 2005"]
[Source "ChessBase"]
[SourceDate "2004.11.15"]
[SourceVersion "1"]
[SourceVersionDate "2004.11.15"]
[SourceQuality "1"]
[WhiteTeam "Cheddleton"]
[BlackTeam "Cambridge"]
[WhiteTeamCountry "ENG"]
[BlackTeamCountry "ENG"]

1. e4 e5 2. Nf3 Nc6 3. d4 exd4 4. Bc4 Nf6 5. 0-0 Nxe4 6. Re1 d5 7. Bxd5 Qxd5 8. Nc3 Qa5 9. Rxe4+ Be6 10. Nxd4 0-0-0 11. Be3 Bc5 12. Qh5 Bxd4 13. Qxa5 Nxa5 14. Rxd4 Nc4 15. Rxd8+ Rxd8 16. Nd1 Bf5 17. Bg5 f6 18. Ne3 Nxe3 19. Bxe3 Bxc2 20. Rc1 b6 21. h4 Rd1+ 22. Rxd1 Bxd1 23. Kf1 Kd7 24. Ke1 Bh5 25. Kd2 Bf7 26. a3 c5 27. Bf4 Kc6 28. Kc3 a6 29. g3 Bh5 30. Be3 Kd5 31. Kd3 Bg6+ 32. Kc3 Bf5 33. Bf4 Kc6 34. b4 cxb4+ 35. Kxb4 a5+ 36. Kc3 Be6 37. Kb2 b5 38. Be3 1/2-1/2